Inovácia v kontexte novej racionality
Podmienky v programoch vedy, ktoré súvisia s inovačnou a technickou politikou. Kreatívna spoločnosť a jej charakteristika. Vedecké znalosti, logické metódy a formulácie hypotéz. Stimuly a determinanty technických inovačných procesov a zmien.
Uložené v:
| Hlavný autor: | |
|---|---|
| Médium: | Kapitola |
| Jazyk: | Slovak |
| Predmet: | |
| Tagy: |
Žiadne tagy, Buďte prvý, kto otaguje tento záznam!
|
MARC
| LEADER | 00000naa a2200000 4500 | ||
|---|---|---|---|
| 001 | 0123765 | ||
| 005 | 20240312091902.6 | ||
| 041 | 0 | |a slo | |
| 044 | |a SK | ||
| 245 | 1 | 0 | |a Inovácia v kontexte novej racionality |c Milan Potančok |
| 520 | |a Podmienky v programoch vedy, ktoré súvisia s inovačnou a technickou politikou. Kreatívna spoločnosť a jej charakteristika. Vedecké znalosti, logické metódy a formulácie hypotéz. Stimuly a determinanty technických inovačných procesov a zmien. | ||
| 610 | 2 | 0 | |a inovácia |
| 610 | 2 | 0 | |a veda |
| 610 | 2 | 0 | |a objavy vedecké |
| 610 | 2 | 0 | |a vynálezy |
| 610 | 2 | 0 | |a zlepšovateľstvo |
| 610 | 2 | 0 | |a racionalita |
| 610 | 2 | 0 | |a kreativita |
| 610 | 2 | 0 | |a spoločnosť |
| 610 | 2 | 0 | |a metodológia logická |
| 610 | 2 | 0 | |a teória poznania |
| 610 | 2 | 0 | |a efektívnosť inovácií |
| 100 | 1 | |a Potančok, Milan | |